Quiz about Auvergne-Rhône-Alpes (French region) - Statistics

General Stats
  • This quiz has been taken 30 times
  • The average score is 10 of 15
Answer Stats
Questions Answers % Correct
What is the capital of Auvergne-Rhône-Alpes ? Lyon
100%
Name one of the cities that has already hosted the Winter Olympic Games. Albertville (1924) | Chamonix (1968) | Grenoble (1992)
84%
Names a French region bordering the region Bourgogne-Franche-Comté | Centre-Val-de-Loire | Nouvelle-Aquitaine | Occitanie | Provence-Alpes-Cote d'Azur
84%
What is the 2nd most populated city ? Saint-Étienne
84%
What is the highest point in Europe which is located in the far east of the region ? the Mont-Blanc
84%
Names a historic region of Auvergne-Rhône-Alpes Auvergne | Savoie | Lyonnais | Dauphiné
80%
Which famous tire manufacturer has its head office in Clermont-Ferrand ? Michelin
80%
How many departments are there ? 12
76%
What is the population (to the nearest million) ? 8.2 million
76%
Name a border country in the region Switzerland | Italy
72%
What are the two main mountain ranges in the region ? the Massif Central | the Alps
60%
What dish made from potatoes, onions, bacon and cheese was invented in Haute-Savoie ? the tartiflette
48%
Which department corresponds to the former Bourbonnais, the province which gave its name to the Bourbon dynasty ? Allier
36%
Place which saw the troops of Vercingetorix defeat the Roman legions of Julius Caesar in -52. the Gergovie plateau
32%
Which great writer of the first half of the 20th century was born in Lyon ? Antoine de Saint-Exupéry
8%
No matching quizzes found
Score Distribution
Percent of People with Each Score
Percentile by Number Answered
Your Score History
You have not taken this quiz